[Event "Foment Martinenc op-A 23rd"]
[Site "Barcelona"]
[Date "2023.04.22"]
[Round "1"]
[White "Turuguet Lopez, Josep Lluis"]
[Black "Lambert Pont, Michael"]
[Result "0-1"]
[WhiteElo "1791"]
[BlackElo "2058"]
[PlyCount "92"]
[EventDate "2023.04.22"]
[EventType "swiss"]
[EventRounds "9"]
[EventCountry "ESP"]
[SourceTitle "EXT 2024"]
[Source "ChessBase"]
[SourceDate "2023.10.10"]
[SourceVersion "1"]
[SourceVersionDate "2023.10.10"]
[SourceQuality "1"]

1. Nf3 Nf6 2. c4 c5 3. Nc3 g6 4. g3 Bg7 5. Bg2 0-0 6. 0-0 Nc6 7. e4 d6 8. h3 Ne8 9. d3 Nc7 10. Be3 Ne6 11. Qd2 Re8 12. a3 a5 13. Rab1 a4 14. Qc2 Qa5 15. Nb5 Ncd4 16. Nfxd4 cxd4 17. Bd2 Qd8 18. f4 Bd7 19. f5 Nc5 20. f6 Bxb5 21. fxg7 Bd7 22. Bh6 e5 23. Rxf7 Kxf7 24. Rf1+ Kg8 25. Rf8+ Rxf8 26. gxf8Q+ Qxf8 27. Bxf8 Rxf8 28. Qd2 Rf6 29. Qg5 Kg7 30. Bf1 Nb3 31. g4 b5 32. cxb5 Bxb5 33. Qh4 Nd2 34. Bg2 Bxd3 35. Qe1 Rf1+ 36. Bxf1 Nf3+ 37. Kf2 Nxe1 38. Kxe1 Bxf1 39. Kxf1 Kf7 40. Ke2 Ke7 41. Kd3 Kd7 42. Kc4 Kc6 43. Kb4 d5 44. exd5+ Kxd5 45. Kxa4 Kc4 46. b3+ Kc3 0-1

[Event "Lleida Regional-ch"]
[Site "Lleida"]
[Date "2022.10.02"]
[Round "1"]
[White "Solani Nunez, Joshua"]
[Black "Turuguet Lopez, Josep Lluis"]
[Result "1-0"]
[WhiteElo "2042"]
[BlackElo "1761"]
[PlyCount "131"]
[EventDate "2022.10.02"]
[EventType "swiss"]
[EventRounds "8"]
[EventCountry "ESP"]
[SourceTitle "EXT 2024"]
[Source "ChessBase"]
[SourceDate "2023.10.10"]
[SourceVersion "1"]
[SourceVersionDate "2023.10.10"]
[SourceQuality "1"]

1. d4 g6 2. c4 f5 3. Nc3 Nf6 4. g3 Bg7 5. Bg2 0-0 6. Nf3 d6 7. d5 c6 8. 0-0 e5 9. dxe6 Bxe6 10. Qd3 h6 11. Nh4 Kh7 12. e4 Ng4 13. b3 Na6 14. exf5 Bxf5 15. Nxf5 Rxf5 16. Ba3 Nxf2 17. Qd2 Qf6 18. Rae1 Qxc3 19. Rxf2 Rxf2 20. Qxc3 Rxg2+ 21. Kxg2 Bxc3 22. Re7+ Kg8 23. Bxd6 Rd8 24. Bf4 g5 25. Be3 Bd4 26. Bxd4 Rxd4 27. Rxb7 Rd2+ 28. Kf3 Rxh2 29. a4 Rb2 30. Rxa7 Rxb3+ 31. Kg4 Nc5 32. Rc7 Nxa4 33. Rxc6 Rb6 34. Rc7 Rf6 35. Kh5 Nb6 36. c5 Nd5 37. Rd7 Nb4 38. Rb7 Nd3 39. Rc7 Ne5 40. Re7 Nf7 41. Rc7 Kg7 42. c6 Re6 43. Rc8 Kf6 44. Rg8 Ke5 45. c7 Nd6 46. Rd8 Re7 47. Rxd6 Rxc7 48. Rxh6 Rg7 49. Rg6 Ra7 50. Kxg5 Ra1 51. Rg8 Ke6 52. Rf8 Ke7 53. Rf2 Ra5+ 54. Kh4 Ra4+ 55. g4 Ra5 56. g5 Ra6 57. Kh5 Rb6 58. g6 Rb1 59. Kh6 Ke8 60. g7 Rh1+ 61. Kg6 Rg1+ 62. Kf6 Rg3 63. Rf5 Rg1 64. Re5+ Kd8 65. Rg5 Rf1+ 66. Kg6 1-0

[Event "Barcelona Martorell-chB 37th"]
[Site "Martorell"]
[Date "2019.11.16"]
[Round "9.2"]
[White "Turuguet Lopez, Josep Lluis"]
[Black "Fabregat Planella, Joaquim"]
[Result "1-0"]
[WhiteElo "1746"]
[BlackElo "1766"]
[PlyCount "41"]
[EventDate "2019.09.14"]
[EventType "swiss"]
[EventRounds "9"]
[EventCountry "ESP"]
[SourceTitle "EXT 2024"]
[Source "ChessBase"]
[SourceDate "2023.10.10"]
[SourceVersion "1"]
[SourceVersionDate "2023.10.10"]
[SourceQuality "1"]

1. e4 c5 2. Nf3 Nc6 3. Bb5 g6 4. Bxc6 dxc6 5. h3 Bg7 6. d3 e5 7. Nc3 Ne7 8. 0-0 0-0 9. Be3 b6 10. Qd2 Qd6 11. Bh6 Qf6 12. Bg5 Qe6 13. h4 h5 14. Bh6 Rd8 15. Bxg7 Kxg7 16. Ng5 Qg4 17. f4 f6 18. Nh3 f5 19. fxe5 Qxh4 20. Rf4 Qg3 21. Ne2 1-0

[Event "Vilafranca del Penedes op 10th"]
[Site "Vilafranca del Penedes"]
[Date "2016.05.13"]
[Round "7.10"]
[White "Turuguet Lopez, Josep Lluis"]
[Black "Sola Sendra, Francesco"]
[Result "0-1"]
[WhiteElo "2073"]
[BlackElo "1957"]
[PlyCount "72"]
[EventDate "2016.04.01"]
[EventType "swiss"]
[EventRounds "8"]
[EventCountry "ESP"]
[SourceTitle "EXT 2024"]
[Source "ChessBase"]
[SourceDate "2023.10.10"]
[SourceVersion "1"]
[SourceVersionDate "2023.10.10"]
[SourceQuality "1"]

1. Nf3 Nf6 2. d4 d6 3. Nc3 Bf5 4. g3 e6 5. Bg2 c6 6. Bg5 Be7 7. Bxf6 Bxf6 8. e4 Bg6 9. h4 h5 10. Qd2 Nd7 11. 0-0-0 Nb6 12. Qe2 d5 13. exd5 Nxd5 14. Qc4 0-0 15. Ne5 Bxe5 16. dxe5 Qb6 17. Nxd5 cxd5 18. Qd4 Qc7 19. c3 b5 20. f4 a5 21. Kd2 Rfc8 22. Rc1 Rab8 23. a3 Qd7 24. b4 Rc4 25. Qe3 d4 26. cxd4 Rxd4+ 27. Ke1 Rd8 28. Bf3 Rd3 29. Qe2 Qa7 30. Rc5 axb4 31. axb4 Qa1+ 32. Kf2 Qd4+ 33. Kf1 Qxb4 34. Rc1 Rd2 35. Qe3 Qb2 36. Re1 R8d3 0-1

[Event "Tarrega Tardor op 1st"]
[Site "Tarrega"]
[Date "2015.11.20"]
[Round "8"]
[White "Turuguet Lopez, Josep Lluis"]
[Black "Serra Soto, Salvador"]
[Result "1/2-1/2"]
[WhiteElo "2045"]
[BlackElo "2125"]
[PlyCount "21"]
[EventDate "2015.10.02"]
[EventType "swiss"]
[EventRounds "8"]
[EventCountry "ESP"]
[SourceTitle "CBM 169 Extra"]
[Source "ChessBase"]
[SourceDate "2015.12.18"]
[SourceVersion "1"]
[SourceVersionDate "2015.12.18"]
[SourceQuality "1"]

1. d4 d5 2. Nf3 e6 3. c4 f5 4. Nc3 Nf6 5. Bf4 Be7 6. e3 0-0 7. Bd3 Ne4 8. Qc2 c6 9. g4 g6 10. Ne5 Nd7 11. gxf5 1/2-1/2

[Event "Tarrega Tardor op 1st"]
[Site "Tarrega"]
[Date "2015.10.30"]
[Round "5"]
[White "Rodon Balcells, Jaume"]
[Black "Turuguet Lopez, Josep Lluis"]
[Result "0-1"]
[WhiteElo "1930"]
[BlackElo "2045"]
[PlyCount "94"]
[EventDate "2015.10.02"]
[EventType "swiss"]
[EventRounds "8"]
[EventCountry "ESP"]
[SourceTitle "CBM 169 Extra"]
[Source "ChessBase"]
[SourceDate "2015.12.18"]
[SourceVersion "1"]
[SourceVersionDate "2015.12.18"]
[SourceQuality "1"]

1. e4 c5 2. Nf3 d6 3. c3 Nf6 4. Be2 Nc6 5. d3 g6 6. Bg5 Bg7 7. Qd2 h6 8. Bh4 0-0 9. 0-0 b5 10. Na3 Rb8 11. Nc2 Kh7 12. Ne3 Be6 13. Qc2 b4 14. Nd2 Qc7 15. f4 bxc3 16. bxc3 Bd7 17. d4 cxd4 18. cxd4 Rfc8 19. Rac1 Qb6 20. Nec4 Nxd4 21. Nxb6 Nxe2+ 22. Kf2 Rxc2 23. Rxc2 Rxb6 24. Bxf6 Bxf6 25. Kxe2 Bb5+ 26. Nc4 Rc6 27. Rfc1 Ba4 28. e5 dxe5 29. fxe5 Bg5 30. Kd3 Bxc1 31. Rxc1 Bb5 32. Kd4 Kg7 33. Rc2 Rxc4+ 34. Rxc4 Bxc4 35. Kxc4 f5 36. a4 g5 37. a5 f4 38. Kd5 Kf7 39. h3 e6+ 40. Ke4 a6 41. Kf3 Kg6 42. Ke4 Kh5 43. Kf3 Kh4 44. Kf2 g4 45. Ke2 Kg3 46. Kf1 gxh3 47. Kg1 f3 0-1

[Event "Tarrega Tardor op 1st"]
[Site "Tarrega"]
[Date "2015.10.16"]
[Round "3"]
[White "Esplugas Esteve, Vicenc"]
[Black "Turuguet Lopez, Josep Lluis"]
[Result "1-0"]
[WhiteElo "2359"]
[BlackElo "2045"]
[PlyCount "49"]
[EventDate "2015.10.02"]
[EventType "swiss"]
[EventRounds "8"]
[EventCountry "ESP"]
[SourceTitle "CBM 169 Extra"]
[Source "ChessBase"]
[SourceDate "2015.12.18"]
[SourceVersion "1"]
[SourceVersionDate "2015.12.18"]
[SourceQuality "1"]

1. e4 e6 2. Qe2 b6 3. d4 Bb4+ 4. c3 Ba6 5. Qg4 Nf6 6. Qxg7 Rg8 7. Qh6 Bf8 8. Qe3 Bb7 9. Nd2 Rg6 10. f4 Ng4 11. Qh3 f5 12. Bd3 Rh6 13. Qg3 Be7 14. Ngf3 Rg6 15. exf5 Rg8 16. fxe6 dxe6 17. Bxh7 Rg7 18. h3 Rxh7 19. Qxg4 Rf7 20. Ne5 Bh4+ 21. Kd1 Qf6 22. Nxf7 Kxf7 23. Nf3 Bxf3+ 24. Qxf3 c6 25. g3 1-0

[Event "Balaguer op 17th"]
[Site "Balaguer"]
[Date "2012.06.21"]
[Round "6"]
[White "Paul Cava, Javier"]
[Black "Turuguet Lopez, Josep Lluis"]
[Result "0-1"]
[WhiteElo "1722"]
[BlackElo "1932"]
[PlyCount "56"]
[EventDate "2012.06.16"]
[EventType "swiss"]
[EventRounds "9"]
[EventCountry "ESP"]
[SourceTitle "EXT 2013"]
[Source "ChessBase"]
[SourceDate "2012.11.22"]
[SourceVersion "1"]
[SourceVersionDate "2012.11.22"]
[SourceQuality "1"]

1. d4 Nf6 2. c4 g6 3. Nc3 d5 4. e3 Bg7 5. Nf3 0-0 6. a3 Bg4 7. h3 Bxf3 8. Qxf3 c6 9. cxd5 cxd5 10. Bd3 Nc6 11. b4 e5 12. dxe5 Nxe5 13. Qe2 d4 14. Nd1 dxe3 15. Bb5 exf2+ 16. Nxf2 a6 17. Ba4 b5 18. Bb3 Re8 19. 0-0 Nc4 20. Qf3 Ne4 21. Nxe4 Qd4+ 22. Be3 Nxe3 23. Qxf7+ Kh8 24. Ng5 Nxf1+ 25. Kh1 Ng3+ 26. Kh2 h6 27. Rd1 Qf6 28. Rd7 hxg5 0-1

[Event "Balaguer op 17th"]
[Site "Balaguer"]
[Date "2012.06.20"]
[Round "5"]
[White "Turuguet Lopez, Josep Lluis"]
[Black "Solani Nunez, Joel"]
[Result "1-0"]
[WhiteElo "1932"]
[BlackElo "1626"]
[PlyCount "49"]
[EventDate "2012.06.16"]
[EventType "swiss"]
[EventRounds "9"]
[EventCountry "ESP"]
[SourceTitle "EXT 2013"]
[Source "ChessBase"]
[SourceDate "2012.11.22"]
[SourceVersion "1"]
[SourceVersionDate "2012.11.22"]
[SourceQuality "1"]

1. e4 c5 2. Nf3 Nc6 3. Bb5 d6 4. Bxc6+ bxc6 5. 0-0 Bg4 6. h3 Bh5 7. c3 Nf6 8. Re1 Nd7 9. d4 cxd4 10. cxd4 e6 11. Nbd2 Be7 12. Nf1 0-0 13. Ng3 Bg6 14. Bd2 Qb6 15. Qa4 Rab8 16. Bc3 Nf6 17. Nh4 Nxe4 18. Nxg6 hxg6 19. Nxe4 d5 20. Nc5 Bxc5 21. dxc5 Qxc5 22. Bd4 Qd6 23. Be5 Qb4 24. Qxb4 Rxb4 25. Bd6 1-0

[Event "Balaguer op 17th"]
[Site "Balaguer"]
[Date "2012.06.16"]
[Round "1"]
[White "Burmakin, Vladimir"]
[Black "Turuguet Lopez, Josep Lluis"]
[Result "1-0"]
[WhiteElo "2590"]
[BlackElo "1932"]
[PlyCount "63"]
[EventDate "2012.06.16"]
[EventType "swiss"]
[EventRounds "9"]
[EventCountry "ESP"]
[SourceTitle "EXT 2013"]
[Source "ChessBase"]
[SourceDate "2012.11.22"]
[SourceVersion "1"]
[SourceVersionDate "2012.11.22"]
[SourceQuality "1"]

1. d4 Nf6 2. Nf3 g6 3. Bf4 Bg7 4. e3 d5 5. Be2 Bg4 6. 0-0 c6 7. Nbd2 0-0 8. h3 Bxf3 9. Nxf3 Qb6 10. c4 Nbd7 11. c5 Qd8 12. b4 Nh5 13. Bh2 a5 14. b5 Re8 15. Rb1 e5 16. bxc6 bxc6 17. dxe5 Nxe5 18. Nd4 Nc4 19. Nxc6 Qg5 20. h4 Qxh4 21. Qxd5 Nb2 22. Ne5 Rad8 23. Qxf7+ Kh8 24. Nf3 Qe4 25. Rbc1 Nd3 26. Bxd3 Rxd3 27. c6 Rdd8 28. c7 Rc8 29. Rc4 Qb7 30. Ng5 Rf8 31. Qe6 Rf5 32. Nf7+ 1-0

[Event "Montseny op 3rd"]
[Site "Montseny"]
[Date "2012.06.02"]
[Round "8"]
[White "Salazar Navas, Josep"]
[Black "Turuguet Lopez, Josep Lluis"]
[Result "0-1"]
[WhiteElo "1878"]
[BlackElo "1946"]
[PlyCount "52"]
[EventDate "2012.04.14"]
[EventType "swiss"]
[EventRounds "8"]
[EventCountry "ESP"]
[SourceTitle "CBM 148 Extra"]
[Source "ChessBase"]
[SourceDate "2012.06.22"]
[SourceVersion "1"]
[SourceVersionDate "2012.06.22"]
[SourceQuality "1"]

1. e4 c5 2. Nf3 e6 3. Nc3 a6 4. g3 Nc6 5. Bg2 Nf6 6. 0-0 Be7 7. d3 0-0 8. Re1 d5 9. exd5 exd5 10. d4 Bg4 11. Be3 cxd4 12. Bxd4 Nxd4 13. Qxd4 Rc8 14. h3 Bc5 15. Qd2 Bxf3 16. Bxf3 Qc7 17. Nxd5 Qxg3+ 18. Bg2 Nxd5 19. Kh1 Bxf2 20. Re2 Ne3 21. Rxf2 Rxc2 22. Qxc2 Nxc2 23. Rxc2 b6 24. Rac1 g5 25. Rc6 Re8 26. R1c2 Re1+ 0-1

[Event "Montseny op 3rd"]
[Site "Montseny"]
[Date "2012.05.19"]
[Round "6"]
[White "Garcia Ruiz, Adrian"]
[Black "Turuguet Lopez, Josep Lluis"]
[Result "0-1"]
[WhiteElo "1721"]
[BlackElo "1946"]
[PlyCount "92"]
[EventDate "2012.04.14"]
[EventType "swiss"]
[EventRounds "8"]
[EventCountry "ESP"]
[SourceTitle "CBM 148 Extra"]
[Source "ChessBase"]
[SourceDate "2012.06.22"]
[SourceVersion "1"]
[SourceVersionDate "2012.06.22"]
[SourceQuality "1"]

1. d4 Nf6 2. c4 g6 3. Nc3 Bg7 4. e4 d6 5. Nf3 0-0 6. Be2 e5 7. 0-0 Nc6 8. d5 Ne7 9. Ne1 h6 10. Be3 Kh7 11. Nd3 Ne8 12. c5 f5 13. f3 f4 14. Bf2 Bd7 15. Rc1 dxc5 16. Nxc5 Nd6 17. Qb3 Qc8 18. Nb5 Bxb5 19. Bxb5 a6 20. Be2 Rf6 21. Qc3 Nf7 22. Nd3 c6 23. Qb4 Qd7 24. Nc5 Qd6 25. Qxb7 Rb8 26. Qxa6 Rxb2 27. dxc6 Nxc6 28. Bc4 Rxf2 29. Rxf2 Qxc5 30. Qb5 Qe3 31. Rcf1 Nd4 32. Qb2 Nd6 33. Bb3 N6b5 34. Qd2 Rc6 35. Re1 Qxd2 36. Rxd2 Bf8 37. Rb2 Ba3 38. Rf2 Nxb3 39. axb3 Bc5 40. Rd1 Be3 41. Rd7+ Kg8 42. Rd8+ Kf7 43. Rd1 Rc2 44. Rdf1 Nd4 45. b4 Ke6 46. h4 h5 0-1

[Event "Balaguer op 16th "]
[Site "Balaguer"]
[Date "2011.07.17"]
[Round "1"]
[White "Turuguet Lopez, Josep Lluis"]
[Black "Burmakin, Vladimir"]
[Result "0-1"]
[WhiteElo "1928"]
[BlackElo "2579"]
[PlyCount "64"]
[EventDate "2011.07.17"]
[EventType "swiss"]
[EventRounds "9"]
[EventCountry "ESP"]
[SourceTitle "EXT 2012"]
[Source "ChessBase"]
[SourceDate "2011.11.24"]
[SourceVersion "1"]
[SourceVersionDate "2011.11.24"]
[SourceQuality "1"]

1. Nf3 d5 2. d4 Nf6 3. Bg5 c6 4. e3 Ne4 5. Bf4 Qb6 6. Qc1 Bf5 7. Bd3 h6 8. h4 e6 9. Nbd2 Nxd2 10. Nxd2 Bxd3 11. cxd3 Be7 12. Qc2 a5 13. Bxb8 Rxb8 14. Nb3 Rc8 15. Nc5 Qa7 16. Rc1 b6 17. Nb3 0-0 18. g4 c5 19. dxc5 a4 20. Nd2 Rxc5 21. Qd1 Rfc8 22. Rxc5 Rxc5 23. d4 Rc6 24. Nf3 a3 25. b3 Qa6 26. g5 Bb4+ 27. Nd2 Qd3 28. Rh2 Rc2 29. f4 Rxd2 30. Rxd2 Qxe3+ 31. Kf1 Bxd2 32. Qg4 Qxf4+ 0-1